000 00381nam a22001697a 4500
003 MPLRDC
005 20220104114432.0
008 210129b ||||| |||| 00| 0 eng d
082 _a857.63 CKL v.58*
100 _a岑凯伦著
245 _a蜜糖儿
_c
250 _a初版
260 _a
_b环球出版社
_c1993
300 _b
650 _a
942 _cBK
_o857.63 CKL v.58*
999 _c7451
_d7441